000 00272nam a2200109Ia 4500
001 1272383
005 20260417151427.0
008 260417s9999 xx 000 0 und d
020 _a9786256309944
245 0 _aOkyanusun Ötesinde
_cJeanne Willis
260 _bKetebe Çocuk
999 _c1272383
_d1272383